Bailouts or bail-ins? : (Record no. 613655)
[ view plain ]
| 000 -LEADER | |
|---|---|
| fixed length control field | 01444cam a2200337 a 4500 |
| 001 - CONTROL NUMBER | |
| control field | 13422137 |
| 005 - DATE AND TIME OF LATEST TRANSACTION | |
| control field | 20250505135819.0 |
| 008 - FIXED-LENGTH DATA ELEMENTS--GENERAL INFORMATION | |
| fixed length control field | 031203s2004 dcua b 001 0 eng |
| 010 ## - LIBRARY OF CONGRESS CONTROL NUMBER | |
| LC control number | 2003065582 |
| 020 ## - INTERNATIONAL STANDARD BOOK NUMBER | |
| International Standard Book Number | 0881323713 (pbk.) |
| 040 ## - CATALOGING SOURCE | |
| Original cataloging agency | DLC |
| Transcribing agency | DLC |
| Modifying agency | DLC |
| 042 ## - AUTHENTICATION CODE | |
| Authentication code | pcc |
| 043 ## - GEOGRAPHIC AREA CODE | |
| Geographic area code | d------ |
| 050 00 - LIBRARY OF CONGRESS CALL NUMBER | |
| Classification number | HG3891.5 |
| Item number | .R68 2004 |
| 082 00 - DEWEY DECIMAL CLASSIFICATION NUMBER | |
| Classification number | 338.543 |
| Author Mark | ROU |
| 100 1# - MAIN ENTRY--PERSONAL NAME | |
| Personal name | Roubini, Nouriel |
| 9 (RLIN) | 128813 |
| 245 10 - TITLE STATEMENT | |
| Title | Bailouts or bail-ins? : |
| Remainder of title | responding to financial crises in emerging economies / |
| Statement of responsibility, etc. | Nouriel Roubini and Brad Setser. |
| 260 ## - PUBLICATION, DISTRIBUTION, ETC. | |
| Place of publication, distribution, etc. | Washington, DC. : |
| Name of publisher, distributor, etc. | Institute for International Economics, |
| Date of publication, distribution, etc. | 2004. |
| 300 ## - PHYSICAL DESCRIPTION | |
| Extent | xiv, 427 p. : |
| Other physical details | ill. ; |
| Dimensions | 23 cm. |
| 500 ## - GENERAL NOTE | |
| General note | "A Council on Foreign Relations book." |
| 504 ## - BIBLIOGRAPHY, ETC. NOTE | |
| Bibliography, etc. note | Includes bibliographical references (p. 391-405) and index. |
| 650 #0 - SUBJECT ADDED ENTRY--TOPICAL TERM | |
| Topical term or geographic name entry element | Loans, Foreign |
| Geographic subdivision | Developing countries. |
| 9 (RLIN) | 128814 |
| 650 #0 - SUBJECT ADDED ENTRY--TOPICAL TERM | |
| Topical term or geographic name entry element | Financial crises |
| Geographic subdivision | Developing countries. |
| 9 (RLIN) | 128815 |
| 650 #0 - SUBJECT ADDED ENTRY--TOPICAL TERM | |
| Topical term or geographic name entry element | International finance. |
| 9 (RLIN) | 3156 |
| 650 #0 - SUBJECT ADDED ENTRY--TOPICAL TERM | |
| Topical term or geographic name entry element | Debt |
| Geographic subdivision | Developing countries. |
| 9 (RLIN) | 128816 |
| 650 #0 - SUBJECT ADDED ENTRY--TOPICAL TERM | |
| Topical term or geographic name entry element | Bailouts (Government policy) |
| 9 (RLIN) | 128817 |
| 700 1# - ADDED ENTRY--PERSONAL NAME | |
| Personal name | Setser, Brad. |
| 9 (RLIN) | 128818 |
| 906 ## - LOCAL DATA ELEMENT F, LDF (RLIN) | |
| a | 7 |
| b | cbc |
| c | orignew |
| d | 1 |
| e | ocip |
| f | 20 |
| g | y-gencatlg |
| 942 ## - ADDED ENTRY ELEMENTS (KOHA) | |
| Source of classification or shelving scheme | |
| Koha item type | Book |
| Withdrawn status | Lost status | Source of classification or shelving scheme | Damaged status | Not for loan | Permanent Location | Current Location | Date acquired | Source of acquisition | Full call number | Barcode | Date last seen | Price effective from | Koha item type |
|---|---|---|---|---|---|---|---|---|---|---|---|---|---|
| NUST Law School (NLS) | NUST Law School (NLS) | 05/05/2025 | Donated by Vanguard Books Pvt Limited | 338.543 ROU | NLSD-1 | 05/05/2025 | 05/05/2025 | Book |
